000 01523cam a22002894a 4500
005 20160122142311.0
008 001120s2000 cauab b s001 0 eng
020 _a0520230817 (cloth : alk. paper)
020 _a0520230841 (pbk. : alk. paper)
040 _aDLC
_cDLC
_dDLC
_dCO.BOIAvH
041 _aeng
044 _axxu
082 0 0 _a333.7082
_bH31a
100 1 _aHarrison, Paul.
_d1945-
245 1 0 _aAAAS atlas of population & environment /
_cPaul Harrison y Fred Pearce ; prólogo de Peter H. Raven.
246 3 0 _aAtlas of population and environment
260 _aBerkeley, CA :
_bUniversity of California Press,
_cc2000.
300 _axi, 204 páginas :
_bilustraciones a color, mapas ;
_c29 centímetros.
500 _aPrólogo de Peter H. Raven. Titularidad: Asociación Americana para el Avance de la Ciencia.
504 _aIncluye referencias bibliográficas e indice.
520 1 _aEste volumen analiza e ilustra los efectos de la población mundial sobre los recursos naturales, el uso de la tierra, la atmósfera, los productos químicos, los desechos, los ecosistemas y la biodiversidad. Está llena de mapas de alta calidad, gráficos e ilustraciones informativas. "-" Fuentes pendientes de Referencia, "Bibliotecas americanas, mayo de 2002.
650 0 _aPoblación
_xAspectos ambientales
650 0 _aPoblación
_vMapas
_xAspectos ambientales
700 1 _aPearce, Fred.
710 2 _aAmerican Association for the Advancement of Science
942 _2ddc
_cLIBRO
999 _c2713
_d2713